000 00856nam a2200229Ia 4500
001 9788
003 GE_BSU
008 181216s||||||||xx |||||||||||||| ||und||
040 _cGE_BSU
080 _a821.353.1–32
100 _aმელიქიშვილი,ბასილ
245 _aმკერდშებოლილი მერცხალი
245 _bმოთხრობები
245 _cწინასიტყვ.და რედ. ა.გომიაშვილისა
260 _aთბილისი
260 _bლიტერატურა და ხელოვნება
260 _c1963
300 _a168გვ.1ფ.პორტრ.პორტრ.17სმ.
653 _aმკერდშებოლილი მერცხალი
653 _aმოთხრობები
942 _cBK
999 _c43068
_d43068